| 000 | 01360cam a2200361 a 4500 | ||
|---|---|---|---|
| 001 | 14779044 | ||
| 003 | OSt | ||
| 005 | 20260114121649.0 | ||
| 008 | 070322s2008 caua b 001 0 eng | ||
| 010 | _a 2007011265 | ||
| 020 |
_a9781412953153 _qcloth : alk. paper |
||
| 020 |
_a9781412953160 _qpbk. alk. paper |
||
| 035 | _a14779044 | ||
| 040 |
_aDLC _cDLC _dDLC |
||
| 043 | _an-us--- | ||
| 050 | 0 | 0 |
_aLB1570 _b.S333 2008 |
| 082 | 0 | 0 |
_a375/.001 _222 |
| 100 | 1 | _aSchiro, Michael. | |
| 245 | 1 | 0 |
_aCurriculum theory : _bconflicting visions and enduring concerns / _cMichael S. Schiro. |
| 260 |
_aLos Angeles, Calif. : _bSage Publications, _cc2008. |
||
| 300 |
_axvii, 237 p. : _bill. ; _c24 cm. |
||
| 336 |
_atext _btxt _2rdacontent |
||
| 337 |
_aunmediated _bn _2rdamedia |
||
| 338 |
_avolume _bnc _2rdacarrier |
||
| 504 | _aIncludes bibliographical references and index. | ||
| 650 | 0 |
_aEducation _xCurricula _xPhilosophy. |
|
| 650 | 0 |
_aEducation _xCurricula _zUnited States _xPhilosophy. |
|
| 856 | 4 | 1 |
_3Table of contents only _uhttp://www.loc.gov/catdir/toc/ecip0713/2007011265.html |
| 906 |
_a7 _bcbc _corignew _d1 _eecip _f20 _gy-gencatlg |
||
| 942 |
_2lcc _cBK |
||
| 999 |
_c265644 _d265643 |
||